000 02184cam a22005294i 4500
003 PE-LiUPU
005 20250731173451.0
008 150616s r 000 0 d
020 _a0385188137
035 _a(Sirsi) i9780385188135
040 _aPE-LiUPU
_bspa
_cPE-LiUPU
_erda
049 _aPRUA
082 0 4 _a229
_bCh23
_221
100 1 _aCharlesworth, James H.,
_eautor.
245 1 4 _aThe Old Testament Pseudepigrapha.
_n1.
264 1 _aNew York :
_bDoubleday,
_c1983.
300 _a995 páginas ;
_c23 centímetros
336 _atext
_2rdacontent
337 _aunmediated
_2rdamedia
338 _avolume
_2rdacarrier
505 0 _aApocalyptic literature and related works -- Testaments (Often with apocalyptic sections).
526 _aSEG42
526 _aSEG41
526 _aSEG40
526 _aSEG39
526 _aP94
526 _aP87
526 _aP86
526 _aP85
526 _aP77
526 _aP76
526 _aP35
650 0 4 _aLIBROS APOCRIFOS (A.T.).
910 _ajck
_bjvq
_cjck
942 _2ddc
_cBOOK
949 _a229 CH23 1
_wDEWEY
_c1
_i39843
_lCCODEBUL1
_mBUL
_r0
_sY
_tBOOK
_u2015-6-16
_xTEOLOGIA
_zUNKNOWN
_0COMPRA
_o.STAFF. Colección General
949 _a229 CH23 1
_wDEWEY
_c2
_i42766
_lCCODEBUL1
_mBUL
_r0
_sY
_tBOOK
_u2015-4-23
_xTEOLOGIA
_zUNKNOWN
_0COMPRA
_o.STAFF. Colección General
949 _a229 CH23 1
_wDEWEY
_c3
_i43071
_lCCODEBUL1
_mBUL
_r0
_sY
_tBOOK
_u2015-4-23
_xTEOLOGIA
_zUNKNOWN
_0COMPRA
_o.STAFF. Colección General
994 _aC0
_bPEPRU
596 _a1
999 _a229 CH23 1
_wDEWEY
_c57615
_i39843
_f2021-11-9
_g5
_lCCODEBUL1
_mBUL
_r0
_sY
_tBOOK
_u2015-6-16
_xTEOLOGIA
_zUNKNOWN
_0COMPRA
_o.STAFF. Colección General
_d57615
999 _a229 CH23 1
_wDEWEY
_c2
_i42766
_d2018-4-3
_e2018-4-3
_f2021-11-9
_g5
_lCCODEBUL1
_mBUL
_n1
_r0
_sY
_tBOOK
_u2015-4-23
_xTEOLOGIA
_zUNKNOWN
_0COMPRA
_o.STAFF. Colección General
999 _a229 CH23 1
_wDEWEY
_c3
_i43071
_f2021-11-9
_g5
_lCCODEBUL1
_mBUL
_r0
_sY
_tBOOK
_u2015-4-23
_xTEOLOGIA
_zUNKNOWN
_0COMPRA
_o.STAFF. Colección General
980 _81
_gALBERTO SANCHEZ Responsable de Automatización